000 00988cab a22002295a 4500
001 L159513
008 150825e20160815xxk 000 0 eng d
020 _a9780995529601
035 _a(Sirsi) u159513
041 0 _aeng
050 0 4 _a526.982 $2 18
100 1 _aParsons, Geoff
245 0 0 _aDrones & droneology on unmanned aerial vehicle systems
260 _bJaefoo Books Publishing
_c2016
505 2 _aFlying drones within the law, etc. -- Definitions, descriptions and explanations -- Abbreviations and acronyms -- Categories of terms -- Bibliography and references -- Directory of organisations -- List of tables -- Index of countries -- Short timeline of droneology.
520 _aProvides understanding of drone flying terminology, insights into drone related polices and practicies and identifies applications to industrial sectors and services.
590 _aKA
650 2 4 _aDRONE
651 4 _aUnited Kingdom
651 4 _aUNITED STATES OF AMERICA
942 _n0
999 _c115970
_d115970